• 首页
  • 本馆介绍
  • 公告通知
  • 最新文献
  • 馆藏检索
  • 电子资源
  • 读者导购
  • 参考咨询
  • 我的图书馆
  • 登录
  • 详细信息显示
  • 放入我的书架
  • 预约/预借图书
  • 作者相关作品
  • 分类相关作品
  • 丛书相关作品
  • 出版社相关作品

书目信息

  • 表格格式
  • 工作单格式
  • 卡片格式
题名:
三姐妹
    
 
作者: 张皖 著
分册:  
出版信息: 济南   山东人民出版社  1981
页数: 352页
开本: 19cm
丛书名:
单 册:
中图分类: I247.5
科图分类: 47.6352
主题词: 小说--中国
电子资源:
ISBN:
000 00608nam0 2200241 45
001 0192004300
005 20070731161444.20
010    @dCNY1.15
020    @aCN@b92004300
091    @aCN@b10088.761
100    @a19920707d1981 em y0chiy0121 ea
101 1  @achi@ceng
102    @aCN@b370000
105    @ay z 000ay
200 10 @a三姐妹@Asan jie mei@f张皖著@Fzhang wan zhu
210    @a济南@c山东人民出版社@d1981
215    @a352页@d19cm
606 0  @a小说@x中国
690    @aI247.5
692    @a47.6352
701  0 @a张皖@Azhang wan@4著
801  0 @aCN@bTSSF@c20070731
905    @a10447@dI247.5@e1941
    
    三姐妹/张皖著.-济南:山东人民出版社,1981
    352页;19cm
    
    
    ISBN :CNY1.15
    
●
相关链接 在E读中查询图书 在五车中查询图书 在当当中查询图书 在豆瓣中查询图书


正题名:三姐妹     索取号:I247.5/1941         预约/预借

序号 登录号 条形码 馆藏地/架位号 状态 备注
1 0787206   207872060   第一样本阅览室/ [索取号:I247.5/1941] 在馆    
唐山师范学院图书馆 欢迎您!
大连网信软件有限公司© 版权所有